The ecology of attention
Furkejuvvon:
| Váldodahkki: | |
|---|---|
| Eará dahkkit: | |
| Materiálatiipa: | Girji |
| Giella: | eaŋgalasgiella |
| Almmustuhtton: |
Cambridge, UK :
Polity,
[2017]
|
| Preanttus: | English edition. |
| Fáttát: | |
| Fáddágilkorat: |
Lasit fáddágilkoriid
Eai fáddágilkorat, Lasit vuosttaš fáddágilkora!
|
MARC
| LEADER | 00000cam a2200000 i 4500 | ||
|---|---|---|---|
| 001 | 19143972 | ||
| 003 | CL-VaPUC | ||
| 005 | 20230717174359.0 | ||
| 008 | 160620s2017 enk b 001 0 eng | ||
| 999 | |c 441192 |d 441190 | ||
| 010 | |a 2016020587 | ||
| 020 | |a 9781509503735 (pbk. : alk. paper) | ||
| 040 | |a DLC |b eng |c Pontificia Universidad Católica de Valparaíso |e rda |d DLC | ||
| 042 | |a pcc | ||
| 082 | 0 | 0 | |a 153.733 CIT 2017 |2 23 |
| 100 | 1 | |a Citton, Yves |e author |9 883189 | |
| 240 | 1 | 0 | |a Pour une écologie de l'attention. |l English |
| 245 | 1 | 4 | |a The ecology of attention |
| 250 | |a English edition. | ||
| 260 | |a Cambridge, UK : |b Polity, |c [2017] | ||
| 300 | |a x, 227 páginas. | ||
| 504 | |a Includes bibliographical references and indexes. | ||
| 583 | |c 20230712 | ||
| 650 | 0 | |a Atención |x Aspectos sociales |9 312027 | |
| 650 | 0 | |a Aprendizaje perceptivo |9 307829 | |
| 700 | |a Norman, Barnaby |e traductor |9 883690 | ||
| 942 | |2 ddc |c BK | ||
| 952 | |0 0 |1 0 |2 ddc |4 0 |6 153_733000000000000_CIT_2017 |7 0 |8 A |9 590782 |a BIBEDU |b BIBEDU |c GEN |d 2023-07-10 |e 3 |g 28622.00 |i 5658017 |o 153.733 CIT 2017 |p 5658017 |r 2023-07-10 |t 1 |v 28622.00 |w 2023-07-10 |y BK |k LIT | ||